| 000 | 00869nam a22002777a 4500 | ||
|---|---|---|---|
| 001 | 3044 | ||
| 003 | FISKH | ||
| 005 | 20240201103158.0 | ||
| 008 | 240201b cb ||||| |||| 00| 0 eng d | ||
| 020 | _a059042694X | ||
| 040 |
_aFISKH _beng _cFISKH _dFISKH |
||
| 050 | _aPZ7.C8682 | ||
| 082 | _a813 | ||
| 100 | _aCrews, Donald | ||
| 245 |
_aFreight Train / _cCrews, Donald |
||
| 250 | _aFirst Scholastic printing , April 1989 | ||
| 260 |
_aNew York : _bScholastic, _c1978 |
||
| 300 |
_a22 unnumbered pages : _bcolor illustrations ; _c21 cm . |
||
| 490 | _a Freight Train | ||
| 505 | _aB | ||
| 520 | _aBrief text and illustrations trace the journey of a colorful train as it goes through tunnels, by cities, and over trestles. | ||
| 521 | 8 |
_a60
_bLexile |
|
| 521 | 8 |
_aB
_bRaz-Plus |
|
| 600 |
_2transportation _vnon-fiction |
||
| 942 |
_2ddc _cBK _n0 |
||
| 999 |
_c3044 _d3044 |
||